[Event "ODJM A 2023"]
[Site "Willingen GER"]
[Date "2023.06.01"]
[Round "7"]
[White "Grunert, Friedrich"]
[Black "Uhlmann, Tim"]
[Result "1/2-1/2"]
[Termination "normal"]
[Board "18"]
[WhiteElo "1975"]
[BlackElo "1859"]
[WhiteClock "00:29:48"]
[BlackClock "01:49:19"]
[PlyCount "110"]
[WhiteFideId "12995592"]
[BlackFideId "16239210"]
[EventCountry "GER"]
[EventRounds "9"]
[EventType "swiss"]
[EventDate "2023.05.27"]

1. d4 {[%clk 01:30:57]} {[%emt 00:00:03]} d5 {[%clk 01:30:52]} {[%emt
00:00:08]} 2. c4 {[%clk 01:31:23]} {[%emt 00:00:05]} e6 {[%clk 01:31:19]}
{[%emt 00:00:03]} 3. Nc3 {[%clk 01:31:49]} {[%emt 00:00:03]} c5 {[%clk
01:31:41]} {[%emt 00:00:08]} 4. cxd5 {[%clk 01:32:16]} {[%emt 00:00:03]} exd5
{[%clk 01:32:06]} {[%emt 00:00:05]} 5. Nf3 {[%clk 01:32:41]} {[%emt 00:00:06]}
Nf6 {[%clk 01:32:33]} {[%emt 00:00:03]} 6. g3 {[%clk 01:33:04]} {[%emt
00:00:06]} Nc6 {[%clk 01:32:58]} {[%emt 00:00:06]} 7. Bg2 {[%clk 01:33:30]}
{[%emt 00:00:04]} Be7 {[%clk 01:33:24]} {[%emt 00:00:03]} 8. O-O {[%clk
01:33:54]} {[%emt 00:00:06]} O-O {[%clk 01:33:50]} {[%emt 00:00:05]} 9. Be3
{[%clk 01:34:22]} {[%emt 00:00:02]} c4 {[%clk 01:34:07]} {[%emt 00:00:14]} 10.
Ne5 {[%clk 01:34:41]} {[%emt 00:00:08]} Be6 {[%clk 01:34:30]} {[%emt 00:00:08]}
11. Nxc4 {[%clk 01:34:56]} {[%emt 00:00:15]} dxc4 {[%clk 01:34:23]} {[%emt
00:00:37]} 12. d5 {[%clk 01:35:24]} {[%emt 00:00:03]} Nxd5 {[%clk 01:34:20]}
{[%emt 00:00:32]} 13. Nxd5 {[%clk 01:35:50]} {[%emt 00:00:04]} Bf6 {[%clk
01:34:22]} {[%emt 00:00:28]} 14. Nxf6+ {[%clk 01:36:17]} {[%emt 00:00:04]} Qxf6
{[%clk 01:34:47]} {[%emt 00:00:05]} 15. Qc1 {[%clk 01:34:55]} {[%emt 00:01:52]}
Rac8 {[%clk 01:30:47]} {[%emt 00:04:29]} 16. Rd1 {[%clk 01:34:23]} {[%emt
00:00:59]} h6 {[%clk 01:28:58]} {[%emt 00:02:22]} 17. Rd6 {[%clk 01:25:44]}
{[%emt 00:09:09]} Rfd8 {[%clk 01:28:56]} {[%emt 00:00:31]} 18. Rxd8+ {[%clk
01:25:52]} {[%emt 00:00:23]} Rxd8 {[%clk 01:29:17]} {[%emt 00:00:09]} 19. Bxc6
{[%emt 00:02:28]} bxc6 {[%clk 01:29:40]} {[%emt 00:00:06]} 20. Bxa7 {[%clk
01:23:59]} {[%emt 00:00:27]} Qe5 {[%clk 01:28:13]} {[%emt 00:01:56]} 21. Be3
{[%clk 01:20:44]} {[%emt 00:03:44]} Bd5 {[%clk 01:26:25]} {[%emt 00:02:19]} 22.
Qc3 {[%clk 01:18:33]} {[%emt 00:02:41]} Qe6 {[%clk 01:25:56]} {[%emt 00:00:59]}
23. a4 {[%clk 01:15:42]} {[%emt 00:03:21]} Re8 {[%clk 01:26:13]} {[%emt
00:00:13]} 24. a5 {[%clk 01:13:15]} {[%emt 00:02:58]} Qe4 {[%clk 01:26:16]}
{[%emt 00:00:26]} 25. f3 {[%clk 01:12:27]} {[%emt 00:01:18]} Qxe3+ {[%clk
01:26:40]} {[%emt 00:00:07]} 26. Qxe3 {[%clk 01:12:44]} {[%emt 00:00:12]} Rxe3
{[%clk 01:27:06]} {[%emt 00:00:04]} 27. Kf2 {[%clk 01:12:06]} {[%emt 00:01:09]}
Re7 {[%clk 01:27:12]} {[%emt 00:00:24]} 28. e4 {[%clk 01:11:43]} {[%emt
00:00:52]} Be6 {[%clk 01:24:25]} {[%emt 00:03:17]} 29. Ke3 {[%clk 01:12:10]}
{[%emt 00:00:04]} c5 {[%clk 01:21:11]} {[%emt 00:03:43]} 30. Kd2 {[%clk
01:05:42]} {[%emt 00:06:58]} Kf8 {[%clk 01:20:58]} {[%emt 00:00:43]} 31. Kc3
{[%clk 01:06:08]} {[%emt 00:00:04]} Ke8 {[%clk 01:21:25]} {[%emt 00:00:04]} 32.
f4 {[%clk 01:05:18]} {[%emt 00:01:20]} f6 {[%clk 01:21:39]} {[%emt 00:00:15]}
33. a6 {[%clk 01:03:19]} {[%emt 00:02:30]} Ra7 {[%clk 01:22:00]} {[%emt
00:00:08]} 34. Ra5 {[%clk 01:03:45]} {[%emt 00:00:04]} Bc8 {[%clk 01:21:47]}
{[%emt 00:00:43]} 35. Kxc4 {[%clk 01:03:04]} {[%emt 00:01:12]} Rxa6 {[%clk
01:21:47]} {[%emt 00:00:30]} 36. Rxa6 {[%clk 00:45:07]} {[%emt 00:18:26]} Bxa6+
{[%clk 01:22:07]} {[%emt 00:00:11]} 37. Kxc5 {[%clk 00:45:35]} {[%emt
00:00:02]} Bb7 {[%clk 01:22:25]} {[%emt 00:00:11]} 38. Kd4 {[%clk 00:42:42]}
{[%emt 00:03:23]} Kd7 {[%clk 01:21:59]} {[%emt 00:00:55]} 39. e5 {[%clk
00:17:15]} {[%emt 00:25:58]} Ke6 {[%clk 01:22:21]} {[%emt 00:00:08]} 40. exf6
{[%clk 00:17:41]} {[%emt 00:00:04]} Kxf6 {[%clk 01:22:35]} {[%emt 00:00:16]}
41. Kc5 {[%clk 00:10:19]} {[%emt 00:07:52]} Kf5 {[%clk 01:22:28]} {[%emt
00:00:38]} 42. Kd6 {[%clk 00:10:44]} {[%emt 00:00:04]} Kg4 {[%clk 01:21:36]}
{[%emt 00:01:21]} 43. b4 {[%clk 00:10:01]} Kh3 {[%clk 01:17:36]} {[%emt
00:05:44]} 44. Ke6 {[%clk 00:30:01]} g5 {[%clk 01:47:38]} {[%emt 00:10:58]} 45.
Kf7 {[%clk 00:28:20]} g4 {[%clk 01:47:56]} {[%emt 00:02:24]} 46. Kg6 {[%clk
00:26:33]} Bc8 {[%clk 01:47:59]} {[%emt 00:02:44]} 47. Kh5 {[%clk 00:26:55]}
{[%emt 00:00:08]} Kxh2 {[%clk 01:47:27]} {[%emt 00:01:02]} 48. Kh4 {[%clk
00:27:07]} {[%emt 00:00:17]} Kg2 {[%clk 01:47:43]} {[%emt 00:00:14]} 49. b5
{[%clk 00:27:34]} {[%emt 00:00:03]} Kf3 {[%clk 01:47:59]} {[%emt 00:00:14]} 50.
b6 {[%clk 00:28:00]} {[%emt 00:00:05]} Ke4 {[%clk 01:47:26]} {[%emt 00:01:02]}
51. b7 {[%clk 00:28:11]} {[%emt 00:00:20]} Bxb7 {[%clk 01:47:52]} {[%emt
00:00:04]} 52. Kxg4 {[%clk 00:28:38]} {[%emt 00:00:02]} Bc8 {[%clk 01:48:05]}
{[%emt 00:00:17]} 53. Kh5 {[%clk 00:29:03]} {[%emt 00:00:05]} Kf3 {[%clk
01:48:28]} {[%emt 00:00:07]} 54. Kxh6 {[%clk 00:29:25]} {[%emt 00:00:08]} Kxg3
{[%clk 01:48:53]} {[%emt 00:00:06]} 55. f5 {[%clk 00:29:48]} {[%emt 00:00:06]}
Bxf5 {[%clk 01:49:19]} {[%emt 00:00:04]} 1/2-1/2

[Event "ODJM A 2023"]
[Site "Willingen GER"]
[Date "2023.06.01"]
[Round "7"]
[White "Menzel, Maximilian"]
[Black "Schwartz, Oliver"]
[Result "1/2-1/2"]
[Termination "normal"]
[Board "19"]
[WhiteElo "1855"]
[BlackElo "1919"]
[WhiteClock "00:12:51"]
[BlackClock "00:30:50"]
[PlyCount "85"]
[WhiteFideId "34617280"]
[BlackFideId "16207459"]
[EventCountry "GER"]
[EventRounds "9"]
[EventType "swiss"]
[EventDate "2023.05.27"]

1. d4 {[%clk 01:30:59]} {[%emt 17:45:19]} Nf6 {[%clk 01:30:27]} {[%emt
00:00:32]} 2. c4 {[%clk 01:31:18]} {[%emt 00:00:11]} e6 {[%clk 01:30:42]}
{[%emt 00:00:16]} 3. g3 {[%clk 01:31:42]} {[%emt 00:00:06]} Bb4+ {[%clk
01:30:47]} {[%emt 00:00:25]} 4. Bd2 {[%clk 01:32:06]} {[%emt 00:00:06]} Qe7
{[%clk 01:31:05]} {[%emt 00:00:12]} 5. Nf3 {[%clk 01:32:20]} {[%emt 00:00:15]}
Nc6 {[%clk 01:31:12]} {[%emt 00:00:23]} 6. Bg2 {[%clk 01:32:42]} {[%emt
00:00:08]} Bxd2+ {[%clk 01:31:03]} {[%emt 00:00:39]} 7. Nbxd2 {[%clk 01:32:59]}
{[%emt 00:00:13]} O-O {[%clk 01:20:33]} {[%emt 00:11:00]} 8. O-O {[%clk
01:28:39]} {[%emt 00:04:50]} d5 {[%clk 01:19:11]} {[%emt 00:01:53]} 9. Qc2
{[%clk 01:21:05]} {[%emt 00:08:04]} Rd8 {[%clk 01:16:06]} {[%emt 00:03:34]} 10.
Rfd1 {[%clk 01:19:26]} {[%emt 00:02:10]} Bd7 {[%clk 01:12:35]} {[%emt
00:04:00]} 11. a3 {[%clk 01:18:13]} {[%emt 00:01:44]} a5 {[%clk 01:11:23]}
{[%emt 00:01:42]} 12. e4 {[%clk 01:15:26]} {[%emt 00:03:17]} Be8 {[%clk
01:06:36]} {[%emt 00:05:17]} 13. Rac1 {[%clk 00:59:41]} {[%emt 00:16:14]} Rac8
{[%clk 00:59:32]} {[%emt 00:07:34]} 14. e5 {[%clk 00:50:28]} {[%emt 00:09:43]}
Nd7 {[%clk 00:58:44]} {[%emt 00:01:18]} 15. cxd5 {[%clk 00:48:27]} {[%emt
00:02:31]} exd5 {[%clk 00:59:08]} {[%emt 00:00:06]} 16. Qb3 {[%clk 00:46:25]}
{[%emt 00:02:32]} Nb6 {[%clk 00:58:13]} {[%emt 00:01:25]} 17. Re1 {[%clk
00:39:53]} {[%emt 00:07:02]} Nb8 {[%clk 00:42:51]} {[%emt 00:15:51]} 18. Nh4
{[%clk 00:36:45]} {[%emt 00:03:39]} g6 {[%clk 00:38:24]} {[%emt 00:04:57]} 19.
f4 {[%clk 00:35:19]} {[%emt 00:01:57]} f5 {[%clk 00:34:02]} {[%emt 00:04:52]}
20. Nhf3 {[%clk 00:30:50]} {[%emt 00:04:59]} Na6 {[%clk 00:28:05]} {[%emt
00:06:25]} 21. Qc3 {[%clk 00:24:58]} {[%emt 00:06:22]} a4 {[%clk 00:23:23]}
{[%emt 00:05:12]} 22. Qa5 {[%clk 00:24:03]} {[%emt 00:01:26]} h6 {[%clk
00:13:56]} {[%emt 00:09:58]} 23. h4 {[%clk 00:24:02]} {[%emt 00:00:31]} Na8
{[%clk 00:13:26]} {[%emt 00:00:59]} 24. Bf1 {[%clk 00:21:44]} {[%emt 00:02:48]}
Qe6 {[%clk 00:12:52]} {[%emt 00:01:04]} 25. Nc4 {[%clk 00:16:07]} {[%emt
00:06:08]} Bc6 {[%clk 00:10:51]} {[%emt 00:02:30]} 26. Ne3 {[%clk 00:16:10]}
{[%emt 00:00:27]} Be8 {[%clk 00:09:41]} {[%emt 00:01:41]} 27. Bd3 {[%clk
00:15:27]} {[%emt 00:01:12]} h5 {[%clk 00:06:09]} {[%emt 00:04:02]} 28. Ng5
{[%clk 00:11:55]} {[%emt 00:04:03]} Qb6 {[%clk 00:06:03]} {[%emt 00:00:36]} 29.
Qxb6 {[%clk 00:11:58]} {[%emt 00:00:27]} Nxb6 {[%clk 00:06:18]} {[%emt
00:00:14]} 30. Rc2 {[%clk 00:09:44]} {[%emt 00:02:44]} Bd7 {[%clk 00:02:52]}
{[%emt 00:03:56]} 31. Rec1 {[%clk 00:09:35]} {[%emt 00:00:39]} c6 {[%clk
00:03:15]} {[%emt 00:00:06]} 32. Be2 {[%clk 00:05:04]} {[%emt 00:05:02]} Nc7
{[%clk 00:03:12]} {[%emt 00:00:33]} 33. Kf2 {[%clk 00:04:38]} {[%emt 00:00:56]}
Ne6 {[%clk 00:03:34]} {[%emt 00:00:07]} 34. Nxe6 {[%clk 00:04:08]} {[%emt
00:01:00]} Bxe6 {[%clk 00:04:03]} {[%emt 00:00:02]} 35. Rc5 {[%clk 00:01:56]}
{[%emt 00:02:43]} Ra8 {[%clk 00:04:15]} {[%emt 00:00:18]} 36. R5c3 {[%clk
00:01:24]} {[%emt 00:01:02]} Rdb8 {[%clk 00:03:37]} {[%emt 00:01:07]} 37. Ke1
{[%clk 00:01:20]} {[%emt 00:00:34]} Kf7 {[%clk 00:03:50]} {[%emt 00:00:17]} 38.
Kd2 {[%clk 00:01:25]} {[%emt 00:00:24]} Ke7 {[%clk 00:04:10]} {[%emt 00:00:10]}
39. Rb1 {[%clk 00:00:45]} {[%emt 00:01:11]} Rd8 {[%clk 00:03:22]} {[%emt
00:01:19]} 40. b3 {[%clk 00:00:54]} {[%emt 00:00:21]} Rd7 {[%clk 00:03:03]}
{[%emt 00:00:48]} 41. b4 {[%clk 00:26:08]} {[%emt 00:05:16]} Nc4+ {[%clk
00:30:25]} {[%emt 00:03:09]} 42. Nxc4 {[%clk 00:22:46]} {[%emt 00:03:51]} dxc4
{[%clk 00:30:50]} {[%emt 00:00:05]} 43. Ke3 {[%clk 00:12:51]} {[%emt 00:10:25]}
1/2-1/2

[Event "ODJM A 2023"]
[Site "Willingen GER"]
[Date "2023.06.01"]
[Round "7"]
[White "Hofmann, Benjamin"]
[Black "Gluma, Christian"]
[Result "1/2-1/2"]
[Termination "normal"]
[Board "20"]
[WhiteElo "1700"]
[BlackElo "2161"]
[WhiteClock "00:09:32"]
[BlackClock "00:05:15"]
[PlyCount "51"]
[WhiteFideId "16270266"]
[BlackFideId "16223209"]
[EventCountry "GER"]
[EventRounds "9"]
[EventType "swiss"]
[EventDate "2023.05.27"]

1. e4 {[%clk 01:30:52]} {[%emt 00:00:07]} Nf6 {[%clk 01:30:49]} {[%emt
00:00:11]} 2. e5 {[%clk 01:31:08]} {[%emt 00:00:15]} Nd5 {[%clk 01:31:15]}
{[%emt 00:00:03]} 3. d4 {[%clk 01:31:18]} {[%emt 00:00:19]} d6 {[%clk
01:31:38]} {[%emt 00:00:08]} 4. exd6 {[%clk 01:31:13]} {[%emt 00:00:34]} cxd6
{[%clk 01:31:49]} {[%emt 00:00:20]} 5. c3 {[%clk 01:31:09]} {[%emt 00:00:34]}
g6 {[%clk 01:30:43]} {[%emt 00:01:36]} 6. Nf3 {[%clk 01:30:48]} {[%emt
00:00:52]} Bg7 {[%clk 01:29:42]} {[%emt 00:01:31]} 7. g3 {[%clk 01:27:56]}
{[%emt 00:03:21]} O-O {[%clk 01:28:27]} 8. Bg2 {[%clk 01:27:28]} {[%emt
00:02:43]} Nc6 {[%clk 01:26:58]} 9. O-O {[%clk 01:26:25]} {[%emt 00:03:31]} Nb6
{[%emt 00:25:13]} 10. a4 a5 {[%clk 01:10:05]} {[%emt 00:04:06]} 11. Na3 {[%clk
01:10:47]} {[%emt 00:05:13]} Bd7 {[%clk 01:00:43]} {[%emt 00:09:52]} 12. Re1
{[%clk 01:08:50]} {[%emt 00:02:26]} Re8 {[%clk 00:58:55]} {[%emt 00:02:19]} 13.
Qb3 {[%clk 01:04:02]} {[%emt 00:05:17]} h6 {[%clk 00:49:24]} {[%emt 00:10:01]}
14. Bd2 {[%clk 00:46:33]} {[%emt 00:17:58]} d5 {[%clk 00:38:12]} {[%emt
00:11:44]} 15. Bf1 {[%clk 00:40:36]} {[%emt 00:06:25]} Bg4 {[%clk 00:32:30]}
{[%emt 00:06:13]} 16. Ne5 {[%clk 00:29:40]} {[%emt 00:11:27]} Nxe5 {[%clk
00:28:45]} {[%emt 00:04:15]} 17. dxe5 {[%clk 00:29:49]} {[%emt 00:00:21]} Nc4
{[%clk 00:24:09]} {[%emt 00:05:06]} 18. Bxc4 {[%clk 00:24:42]} {[%emt
00:05:37]} dxc4 {[%clk 00:24:17]} {[%emt 00:00:22]} 19. Qxc4 {[%clk 00:24:31]}
{[%emt 00:00:41]} Qxd2 {[%clk 00:21:32]} {[%emt 00:03:16]} 20. Qxg4 {[%clk
00:24:55]} {[%emt 00:00:05]} Qxb2 {[%clk 00:20:44]} {[%emt 00:01:18]} 21. e6
{[%clk 00:11:20]} {[%emt 00:14:05]} Kh7 {[%clk 00:11:07]} {[%emt 00:10:06]} 22.
Nb5 {[%clk 00:09:52]} {[%emt 00:01:59]} Rf8 {[%clk 00:06:04]} {[%emt 00:05:33]}
23. Rab1 {[%clk 00:09:07]} {[%emt 00:01:15]} Qa2 {[%clk 00:05:00]} {[%emt
00:01:34]} 24. Ra1 {[%clk 00:09:13]} {[%emt 00:00:24]} Qb2 {[%clk 00:05:03]}
{[%emt 00:00:27]} 25. Rab1 {[%clk 00:09:32]} {[%emt 00:00:10]} Qa2 {[%clk
00:05:15]} {[%emt 00:00:19]} 26. Ra1 {[%emt 00:05:46]} 1/2-1/2

[Event "ODJM A 2023"]
[Site "Willingen GER"]
[Date "2023.06.01"]
[Round "7"]
[White "Kieselbach, Jannik"]
[Black "Kamp, Adrian"]
[Result "0-1"]
[Termination "normal"]
[Board "21"]
[WhiteElo "1765"]
[BlackElo "2021"]
[WhiteClock "00:25:22"]
[BlackClock "00:40:59"]
[PlyCount "86"]
[WhiteFideId "16246403"]
[BlackFideId "16222466"]
[EventCountry "GER"]
[EventRounds "9"]
[EventType "swiss"]
[EventDate "2023.05.27"]

1. e4 {[%clk 01:30:51]} {[%emt 00:00:10]} c5 {[%clk 01:30:46]} {[%emt
00:00:14]} 2. c3 {[%clk 01:30:41]} {[%emt 00:00:40]} d5 {[%clk 01:31:01]}
{[%emt 00:00:15]} 3. exd5 {[%clk 01:31:05]} {[%emt 00:00:07]} Qxd5 {[%clk
01:31:24]} {[%emt 00:00:06]} 4. d4 {[%clk 01:31:27]} {[%emt 00:00:08]} Nf6
{[%clk 01:31:38]} {[%emt 00:00:16]} 5. Nf3 {[%clk 01:31:34]} {[%emt 00:00:22]}
Nc6 {[%clk 01:31:46]} {[%emt 00:00:24]} 6. Be2 {[%clk 01:29:16]} {[%emt
00:02:47]} e6 {[%clk 01:31:53]} {[%emt 00:00:23]} 7. Na3 {[%clk 01:28:55]}
{[%emt 00:00:51]} Qd8 {[%clk 01:31:42]} {[%emt 00:00:41]} 8. Nc2 {[%clk
01:27:36]} {[%emt 00:01:48]} Be7 {[%clk 01:27:05]} {[%emt 00:05:08]} 9. O-O
{[%clk 01:27:32]} {[%emt 00:00:34]} O-O {[%clk 01:27:19]} {[%emt 00:00:16]} 10.
dxc5 {[%clk 01:25:48]} {[%emt 00:02:14]} Bxc5 {[%clk 01:27:23]} {[%emt
00:00:25]} 11. Be3 {[%clk 01:22:30]} {[%emt 00:03:48]} Bd6 {[%clk 01:26:13]}
{[%emt 00:01:40]} 12. Ncd4 {[%clk 01:20:37]} {[%emt 00:02:24]} Nxd4 {[%clk
01:22:38]} {[%emt 00:04:05]} 13. Bxd4 {[%clk 01:20:10]} {[%emt 00:00:56]} Qc7
{[%clk 01:22:24]} {[%emt 00:00:45]} 14. h3 {[%clk 01:12:54]} {[%emt 00:07:46]}
e5 {[%clk 01:19:58]} {[%emt 00:02:56]} 15. Be3 {[%clk 01:13:14]} {[%emt
00:00:08]} b6 {[%clk 01:18:28]} {[%emt 00:02:02]} 16. Nd2 {[%clk 01:06:36]}
{[%emt 00:07:08]} Bb7 {[%clk 01:16:52]} {[%emt 00:02:06]} 17. Bf3 {[%clk
01:04:20]} {[%emt 00:02:45]} e4 {[%clk 01:14:52]} {[%emt 00:02:30]} 18. Be2
{[%clk 01:04:26]} {[%emt 00:00:25]} Nd5 {[%clk 01:11:40]} {[%emt 00:03:42]} 19.
Bd4 {[%clk 00:55:34]} {[%emt 00:09:21]} Nf4 {[%clk 01:10:49]} {[%emt 00:01:21]}
20. Be3 {[%clk 00:36:10]} {[%emt 00:19:55]} Rad8 {[%clk 01:09:53]} {[%emt
00:01:26]} 21. Re1 {[%clk 00:34:48]} {[%emt 00:01:52]} Qe7 {[%clk 01:03:22]}
{[%emt 00:07:01]} 22. Bf1 {[%clk 00:32:50]} {[%emt 00:02:27]} f5 {[%clk
00:53:39]} {[%emt 00:10:13]} 23. Qc1 {[%clk 00:30:21]} {[%emt 00:03:00]} Bb8
{[%clk 00:40:04]} {[%emt 00:14:05]} 24. g3 {[%clk 00:22:12]} {[%emt 00:08:38]}
Ne6 {[%clk 00:38:54]} {[%emt 00:01:41]} 25. Bc4 {[%clk 00:21:54]} {[%emt
00:00:47]} Kh8 {[%clk 00:35:28]} {[%emt 00:03:56]} 26. Bxe6 {[%clk 00:06:35]}
{[%emt 00:15:49]} Qxe6 {[%clk 00:35:46]} {[%emt 00:00:12]} 27. Nf1 {[%clk
00:02:52]} {[%emt 00:04:13]} f4 {[%clk 00:34:00]} {[%emt 00:02:16]} 28. Bxf4
{[%clk 00:01:17]} {[%emt 00:02:06]} Bxf4 {[%clk 00:32:30]} {[%emt 00:01:59]}
29. gxf4 {[%clk 00:01:40]} {[%emt 00:00:08]} Qxh3 {[%clk 00:29:18]} {[%emt
00:03:42]} 30. Qe3 {[%clk 00:01:56]} {[%emt 00:00:13]} Qh6 {[%clk 00:28:11]}
{[%emt 00:01:37]} 31. Rad1 {[%clk 00:01:52]} {[%emt 00:00:33]} Rd3 {[%clk
00:27:59]} {[%emt 00:00:43]} 32. Rxd3 {[%clk 00:01:53]} {[%emt 00:00:30]} exd3
{[%clk 00:28:20]} {[%emt 00:00:09]} 33. f3 {[%clk 00:01:52]} {[%emt 00:00:30]}
Qg6+ {[%clk 00:26:12]} {[%emt 00:02:38]} 34. Kf2 {[%clk 00:01:55]} {[%emt
00:00:27]} Qf6 {[%clk 00:23:08]} {[%emt 00:03:34]} 35. Qe7 {[%clk 00:01:03]}
{[%emt 00:01:23]} Qxf4 {[%clk 00:22:20]} {[%emt 00:01:18]} 36. Qxb7 {[%clk
00:01:31]} {[%emt 00:00:01]} Qh4+ {[%clk 00:22:40]} {[%emt 00:00:10]} 37. Ng3
{[%clk 00:01:49]} {[%emt 00:00:12]} Qh2+ {[%clk 00:22:51]} {[%emt 00:00:19]}
38. Ke3 {[%clk 00:02:17]} {[%emt 00:00:03]} Qxg3 {[%clk 00:22:44]} {[%emt
00:00:37]} 39. Rd1 {[%clk 00:00:51]} {[%emt 00:01:55]} Qf4+ {[%clk 00:20:33]}
{[%emt 00:02:40]} 40. Kxd3 {[%clk 00:00:35]} {[%emt 00:00:47]} Rd8+ {[%clk
00:20:58]} {[%emt 00:00:05]} 41. Ke2 {[%clk 00:29:00]} {[%emt 00:02:05]} Qh2+
{[%clk 00:40:16]} {[%emt 00:11:12]} 42. Ke3 {[%clk 00:28:18]} {[%emt 00:01:12]}
Re8+ {[%clk 00:40:39]} {[%emt 00:00:07]} 43. Kd3 {[%clk 00:25:22]} {[%emt
00:03:26]} Qe2+ {[%clk 00:40:59]} {[%emt 00:00:10]} 0-1

[Event "ODJM A 2023"]
[Site "Willingen GER"]
[Date "2023.06.01"]
[Round "7"]
[White "Stegert, Jonas"]
[Black "Vollbehr, Bjarne"]
[Result "1/2-1/2"]
[Termination "normal"]
[Board "22"]
[WhiteElo "1838"]
[BlackElo "1867"]
[WhiteClock "00:52:40"]
[BlackClock "00:55:36"]
[PlyCount "40"]
[WhiteFideId "16247965"]
[BlackFideId "34606025"]
[EventCountry "GER"]
[EventRounds "9"]
[EventType "swiss"]
[EventDate "2023.05.27"]

1. c4 {[%clk 01:30:55]} {[%emt 00:00:04]} g6 {[%clk 01:30:13]} {[%emt
00:00:47]} 2. g3 {[%clk 01:31:22]} {[%emt 00:00:04]} Bg7 {[%clk 01:30:37]}
{[%emt 00:00:06]} 3. Bg2 {[%clk 01:31:48]} {[%emt 00:00:04]} Nc6 {[%clk
01:29:01]} {[%emt 00:02:06]} 4. Nc3 {[%clk 01:29:08]} {[%emt 00:03:10]} e5
{[%clk 01:29:00]} {[%emt 00:00:30]} 5. e4 {[%clk 01:29:04]} {[%emt 00:00:35]}
Nge7 {[%clk 01:28:22]} {[%emt 00:01:07]} 6. d3 {[%clk 01:27:36]} {[%emt
00:01:58]} O-O {[%clk 01:27:03]} {[%emt 00:01:49]} 7. Nge2 {[%clk 01:27:37]}
{[%emt 00:00:30]} Nd4 {[%clk 01:26:37]} {[%emt 00:00:56]} 8. O-O {[%clk
01:26:35]} {[%emt 00:01:32]} c5 {[%clk 01:26:39]} {[%emt 00:00:27]} 9. Rb1
{[%clk 01:19:25]} {[%emt 00:07:42]} d6 {[%clk 01:19:44]} {[%emt 00:07:24]} 10.
f4 {[%clk 01:12:41]} {[%emt 00:07:13]} Bg4 {[%clk 01:16:15]} {[%emt 00:04:00]}
11. h3 {[%clk 01:12:53]} {[%emt 00:00:18]} Bxe2 {[%clk 01:16:30]} {[%emt
00:00:14]} 12. Nxe2 {[%clk 01:13:18]} {[%emt 00:00:06]} Nxe2+ {[%clk 01:14:34]}
{[%emt 00:02:25]} 13. Qxe2 {[%clk 01:13:45]} {[%emt 00:00:04]} Nc6 {[%clk
01:13:38]} {[%emt 00:01:26]} 14. Be3 {[%clk 01:12:39]} {[%emt 00:01:36]} Rb8
{[%clk 01:06:01]} {[%emt 00:08:08]} 15. Kh2 {[%clk 01:05:41]} {[%emt 00:07:27]}
Qe7 {[%clk 01:00:03]} {[%emt 00:06:27]} 16. a3 {[%clk 01:00:49]} {[%emt
00:05:23]} a5 {[%clk 00:58:52]} {[%emt 00:01:41]} 17. Qf3 {[%clk 00:58:45]}
{[%emt 00:02:30]} f6 {[%clk 00:57:25]} {[%emt 00:02:00]} 18. f5 {[%clk
00:55:48]} {[%emt 00:03:28]} g5 {[%clk 00:56:56]} {[%emt 00:00:59]} 19. Qh5
{[%clk 00:52:20]} {[%emt 00:03:57]} Qf7 {[%clk 00:56:51]} {[%emt 00:00:36]} 20.
Bf3 {[%clk 00:52:40]} {[%emt 00:00:09]} Qxh5 {[%clk 00:55:36]} {[%emt
00:01:45]} 1/2-1/2

[Event "ODJM A 2023"]
[Site "Willingen GER"]
[Date "2023.06.01"]
[Round "7"]
[White "Loheide, Michel"]
[Black "Paeslack, Luis"]
[Result "0-1"]
[Termination "normal"]
[Board "24"]
[WhiteElo "1876"]
[BlackElo "1887"]
[WhiteClock "00:28:00"]
[BlackClock "00:13:50"]
[PlyCount "48"]
[WhiteFideId "34633570"]
[BlackFideId "12987760"]
[EventCountry "GER"]
[EventRounds "9"]
[EventType "swiss"]
[EventDate "2023.05.27"]

1. e4 {[%clk 01:30:57]} {[%emt 00:00:03]} c5 {[%clk 01:30:32]} {[%emt
00:00:28]} 2. Nf3 {[%clk 01:31:09]} {[%emt 00:00:11]} d6 {[%clk 01:30:50]}
{[%emt 00:00:19]} 3. Nc3 {[%clk 01:31:34]} {[%emt 00:00:05]} Nf6 {[%clk
01:29:30]} {[%emt 00:01:49]} 4. d4 {[%clk 01:31:58]} {[%emt 00:00:07]} cxd4
{[%clk 01:29:55]} {[%emt 00:00:05]} 5. Nxd4 {[%clk 01:32:24]} {[%emt 00:00:04]}
g6 {[%clk 01:29:58]} {[%emt 00:00:27]} 6. Be3 {[%clk 01:32:33]} {[%emt
00:00:21]} Bg7 {[%clk 01:30:05]} {[%emt 00:00:24]} 7. Qd2 {[%clk 01:32:44]}
{[%emt 00:00:19]} Ng4 {[%clk 01:25:42]} {[%emt 00:04:52]} 8. O-O-O {[%clk
01:27:55]} {[%emt 00:05:20]} Nxe3 {[%clk 01:25:51]} {[%emt 00:00:21]} 9. fxe3
{[%clk 01:28:11]} {[%emt 00:00:14]} O-O {[%clk 01:19:56]} {[%emt 00:06:24]} 10.
Be2 {[%clk 01:24:48]} {[%emt 00:03:53]} Nc6 {[%clk 01:18:21]} {[%emt 00:02:06]}
11. g4 {[%clk 01:21:48]} {[%emt 00:03:29]} Ne5 {[%clk 01:11:21]} {[%emt
00:07:30]} 12. Rdg1 {[%clk 01:14:09]} {[%emt 00:08:09]} h6 {[%clk 00:41:11]}
{[%emt 00:30:41]} 13. h4 {[%clk 01:06:23]} {[%emt 00:08:16]} Qa5 {[%clk
00:38:17]} {[%emt 00:03:24]} 14. Qd1 {[%clk 01:01:19]} {[%emt 00:05:33]} Be6
{[%clk 00:29:03]} {[%emt 00:09:44]} 15. Nxe6 {[%clk 00:53:21]} {[%emt
00:08:28]} fxe6 {[%clk 00:29:31]} {[%emt 00:00:02]} 16. g5 {[%clk 00:53:39]}
{[%emt 00:00:12]} h5 {[%clk 00:25:55]} {[%emt 00:04:06]} 17. Bxh5 {[%clk
00:36:56]} {[%emt 00:17:13]} gxh5 {[%clk 00:26:06]} {[%emt 00:00:19]} 18. g6
{[%clk 00:36:57]} {[%emt 00:00:30]} Nc4 {[%clk 00:21:52]} {[%emt 00:04:43]} 19.
Rg5 {[%clk 00:36:45]} {[%emt 00:00:41]} Qb6 {[%clk 00:20:39]} {[%emt 00:01:44]}
20. Rb5 {[%clk 00:28:25]} {[%emt 00:08:50]} Qxe3+ {[%clk 00:20:43]} {[%emt
00:00:25]} 21. Kb1 {[%clk 00:28:50]} {[%emt 00:00:06]} Na3+ {[%clk 00:19:22]}
{[%emt 00:01:50]} 22. Ka1 {[%clk 00:27:22]} {[%emt 00:01:58]} Nxb5 {[%clk
00:16:49]} {[%emt 00:03:04]} 23. Qxh5 {[%clk 00:27:35]} {[%emt 00:00:17]} Qh6
{[%clk 00:13:38]} {[%emt 00:03:41]} 24. Qxb5 {[%clk 00:28:00]} {[%emt
00:00:05]} Qxg6 {[%clk 00:13:50]} {[%emt 00:00:19]} 0-1